Las joyas bibliográficas de la Universidad Autónoma ´Benito Juárez´ de Oaxaca (Record no. 1521)
[ view plain ]
| 000 -CABECERA | |
|---|---|
| campo de control de longitud fija | 01019nam a2200241 a 4500 |
| 001 - NÚMERO DE CONTROL | |
| campo de control | BRCA_1736 |
| 005 - FECHA Y HORA DE LA ÚLTIMA TRANSACCIÓN | |
| campo de control | 20190320203528.0 |
| 008 - DATOS DE LONGITUD FIJA--INFORMACIÓN GENERAL | |
| campo de control de longitud fija | 970821s1996 mx-a---##b---#001-0#spa-d |
| 020 ## - NÚMERO INTERNACIONAL ESTÁNDAR DEL LIBRO | |
| Número Internacional Estándar del Libro | 9687009497 |
| 040 ## - FUENTE DE LA CATALOGACIÓN | |
| Centro catalogador/agencia de origen | FKS |
| Centro/agencia transcriptor | FKS |
| Centro/agencia modificador | DLC |
| 050 #4 - SIGNATURA TOPOGRÁFICA DE LA BIBLIOTECA DEL CONGRESO | |
| Número de clasificación | Z740.B49 |
| Número de documento/Ítem | .B53 1996 |
| 245 10 - MENCIÓN DE TÍTULO | |
| Título | Las joyas bibliográficas de la Universidad Autónoma ´Benito Juárez´ de Oaxaca |
| Resto del título | la Biblioteca Francisco de Burgoa |
| Mención de responsabilidad, etc. | Ma. Isabel Grañén Porrúa ... [et al.]. |
| 260 ## - PUBLICACIÓN, DISTRIBUCIÓN, ETC. | |
| Lugar de publicación, distribución, etc. | México |
| Nombre del editor, distribuidor, etc. | Fomento Cultural Banamex |
| Fecha de publicación, distribución, etc. | 1996 |
| 300 ## - DESCRIPCIÓN FÍSICA | |
| Extensión | 117 p. |
| Otras características físicas | il. algunas a color |
| Dimensiones | 31 cm. |
| 500 ## - NOTA GENERAL | |
| Nota general | Catálogo de la exposición realizada en el Instituto de Artes Gráficas de Oaxaca (México), abril 1996 |
| 500 ## - NOTA GENERAL | |
| Nota general | Incluye índice de autores y obras anónimas |
| 504 ## - NOTA DE BIBLIOGRAFÍA, ETC. | |
| Nota de bibliografía, etc. | Bibliografía : p. 109-110 |
| 610 24 - PUNTO DE ACCESO ADICIONAL DE MATERIA--NOMBRE DE ENTIDAD CORPORATIVA | |
| Nombre de entidad corporativa o nombre de jurisdicción como elemento de entrada | Biblioteca Francisco de Burgoa |
| Subdivisión de forma | Exposiciones |
| 9 (RLIN) | 5418 |
| 650 14 - PUNTO DE ACCESO ADICIONAL DE MATERIA--TÉRMINO DE MATERIA | |
| Término de materia o nombre geográfico como elemento de entrada | Libros raros |
| Subdivisión de forma | Bibliografía |
| Subdivisión geográfica | México |
| 9 (RLIN) | 5419 |
| 653 0# - TÉRMINO DE INDIZACIÓN--NO CONTROLADO | |
| Término no controlado | Colección Universidad Autónoma de Oaxaca |
| 700 1# - PUNTO DE ACCESO ADICIONAL--NOMBRE DE PERSONA | |
| Nombre de persona | Grañén Porrúa, Ma. Isabel |
| 9 (RLIN) | 5420 |
| 942 ## - ELEMENTOS DE PUNTO DE ACCESO ADICIONAL (KOHA) | |
| Fuente del sistema de clasificación o colocación | Library of Congress Classification |
| Tipo de ítem Koha | Libros |
| Estado de retiro | Estado de pérdida | Estado dañado | No para préstamo | Localización permanente | Ubicación/localización actual | Fecha de adquisición | Total de préstamos | Signatura topográfica completa | Código de barras | Fecha visto por última vez | Precio válido a partir de | Tipo de ítem Koha |
|---|---|---|---|---|---|---|---|---|---|---|---|---|
| El ejemplar forma parte de la colección y puede ser consultado según las políticas vigentes. | Biblioteca del Museo Franz Mayer (Rogerio Casas-Alatriste) | Biblioteca del Museo Franz Mayer (Rogerio Casas-Alatriste) | 27/06/2008 | Z740.B49 .B53 1996 | 02373 | 22/03/2019 | 22/03/2019 | Libros |